000 00883cab a2200217 4500
001 ABS54430
008 090401t1995 xxu||||| |||| 00| 0 eng d
035 _a(Sirsi) u10283
041 _aeng
245 _aFloatels (UK) Limited v Perrin (VO)
260 _c1995
350 _a0
490 _aRating Appeals
_v1995 RA 326-335(5)
520 _aLT 25 May 1995. Appeal on the description of a floating hotel in the valuation list as a hotel and premises. The ratepayer claimed this was not valid as the greater part of the land was tarmaced to provide a car park and the hotel itself was not actually using the land. Held that the hotel was a chattel and could not be said to be occupying the adjoining land.
650 _aFLOATING HOTEL
650 _aRATING APPEALS
650 _aVALUATION LIST
690 _aRATING AND VALUATION-CASE LAW
942 _n0
948 _c04/03/1997
999 _c6467
_d6467